[Event "Stuttgart-chB int"]
[Site "Ditzingen"]
[Date "2008.05.02"]
[Round "4"]
[White "Bulgrin, Uwe"]
[Black "Debbeler, Adrian"]
[Result "1/2-1/2"]
[WhiteElo "1840"]
[BlackElo "1649"]
[PlyCount "38"]
[EventDate "2008.05.01"]
[EventType "swiss"]
[EventRounds "7"]
[EventCountry "GER"]
[SourceTitle "EXT 2018"]
[Source "ChessBase"]
[SourceDate "2017.10.13"]
[SourceVersion "1"]
[SourceVersionDate "2017.10.13"]
[SourceQuality "1"]

1. Nf3 d5 2. d4 c6 3. e3 Bg4 4. c4 Nf6 5. Nc3 e6 6. Be2 Bd6 7. h3 Bh5 8. Nd2 Bxe2 9. Qxe2 0-0 10. f4 c5 11. 0-0 Nc6 12. Nb3 cxd4 13. exd4 dxc4 14. Qxc4 Rc8 15. Qd3 Nb4 16. Qe2 Nbd5 17. Bd2 Nxc3 18. bxc3 Nd5 19. Rf3 Qf6 1/2-1/2

[Event "Stuttgart-chB int"]
[Site "Ditzingen"]
[Date "2008.05.01"]
[Round "2"]
[White "Bulgrin, Uwe"]
[Black "Helmbrecht, Kurt"]
[Result "1-0"]
[WhiteElo "1840"]
[BlackElo "1690"]
[PlyCount "67"]
[EventDate "2008.05.01"]
[EventType "swiss"]
[EventRounds "7"]
[EventCountry "GER"]
[SourceTitle "EXT 2018"]
[Source "ChessBase"]
[SourceDate "2017.10.13"]
[SourceVersion "1"]
[SourceVersionDate "2017.10.13"]
[SourceQuality "1"]

1. f4 e5 2. fxe5 d6 3. exd6 Bxd6 4. Nf3 g5 5. g3 Nc6 6. d4 g4 7. Ne5 Bxe5 8. dxe5 Qxd1+ 9. Kxd1 Be6 10. Bf4 0-0-0+ 11. Kc1 h6 12. Bg2 Nd4 13. Nc3 Ne7 14. Be4 Nd5 15. Bd3 Nxf4 16. gxf4 h5 17. Kd2 c5 18. b3 b5 19. Ke1 a6 20. Rd1 h4 21. Kf2 Kc7 22. Be4 Nf5 23. Bxf5 Bxf5 24. e4 Bc8 25. Nd5+ Kb8 26. c4 Rdg8 27. Rhg1 g3+ 28. hxg3 hxg3+ 29. Ke3 Rh3 30. f5 g2+ 31. Kf2 Rh2 32. Rd3 Rg4 33. Nf6 Rf4+ 34. Rf3 1-0